Vive le commerce : Services, distribution, croissance

Saved in:
Bibliographic Details
Main Author: Lepage, Henri
Format: Book
Language:Undetermined
Published: Paris Dunod 1982
Subjects:
Tags: Add Tag
No Tags, Be the first to tag this record!
Institutions: Trung tâm Học liệu Trường Đại học Cần Thơ
LEADER 00516nam a2200193Ia 4500
001 CTU_99241
008 210402s9999 xx 000 0 und d
082 |a 380.1 
082 |b L591 
100 |a Lepage, Henri 
245 0 |a Vive le commerce : 
245 0 |b Services, distribution, croissance 
245 0 |c Henri Lepage 
260 |a Paris 
260 |b Dunod 
260 |c 1982 
650 |a International economic relations 
904 |i Truc, Q. Hieu 
980 |a Trung tâm Học liệu Trường Đại học Cần Thơ